| 000 | 00512nam a2200181Ia 4500 | ||
|---|---|---|---|
| 001 | 2467 | ||
| 005 | 20260306144809.0 | ||
| 008 | 260306t2016||||xx |||||||||||||| ||spa|| | ||
| 041 | _aESP | ||
| 082 |
_a616.89092 _bO41 |
||
| 100 |
_aOlaechea Catter, Jorge, _eAUT |
||
| 245 | 0 |
_aRudolf Allers, psiquiatra de lo humano : _bpara una psicología filosófico-antropológica de la persona humana |
|
| 260 | _c2016 | ||
| 300 |
_a182 páginas : _c21 cm. |
||
| 650 | _aGEN | ||
| 654 | _aCPS | ||
| 942 |
_cLIB _dJUS _fJUS _2ddc _n |
||
| 999 |
_c2467 _d2467 |
||